000 00903nam a2200277Ia 4500
001 Para_3054
003 CHAP
008 220125s1968 xx 000 0 und d
010 _a201556
040 _cCHAP
090 _aPA TESIS 287
100 _aRomero Mata, Juan José
_999618
245 _aIdentificación del virus del mosaico de la alfalfa en la región de Chapingo /
_c Juan José Romero Mata
260 _aChapingo, Méx. :
_b El autor
300 _a37 h.
502 _aTesis (Ing. Agr. Esp. en Parasitología Agrícola) -- ENA. Departamento de Parasitología Agrícola
650 _aVirus del mosaico de la alfalfa
_9119951
710 _aENA. Departamento de Parasitologia Agricola
_936701
901 _aPA TESIS 287
902 _aA
905 _a0000001968 CHA 0000000000 00
910 _a1968
942 _cPARA
942 _cPARA
_d1
999 _c201556
_d201556